| Registos Bibliográficos associados ao registo de autoridade |
|
Etiqueta de registo: 00254nam 2200025 450 001 2279912 003 http://id.bnportugal.gov.pt/bib/catbnp/2279912 010 ## $a9789897902925 021 ## $aPT$b557260/25 100 ## $a20250313d2026 c y0pory01030103ba 101 0# $apor 102 ## $aPT 105 ## $aa z 000fy 106 ## $ar 200 1# $aNarizito, o coelho amestrado$fAlda Silvestre$gil. Thiago Shiniti Kurogi 205 ## $a1ª ed 210 #9 $aCarnaxide$cMeia Longa,$d2026 215 ## $a79, [8] p.$cil.$d21 cm 675 ## $a087.5$vBN$zpor$3287999 675 ## $a821.134.3-93"20"$vBN$zpor$31046482 700 #1 $93$aSilvestre,$bAlda$31991152 702 #1 $aKurogi,$bThiago Shiniti$4440$31903898 801 #0 $aPT$bBN$gRPC 856 41 $uhttp://rnod.bnportugal.gov.pt/ImagesBN/winlibimg.aspx?skey=&doc=2279912&img=221214&save=true 900 ## $aBIBNAC$d20260416 966 ## $lBN$mFGMON$sP. 72519 V.$x1 971 ## $cisantos$d20260313 972 ## $e0$z0$d20260416$vasantos 973 ## $ctrodrigues$d20260409
|
|
|